Nava Udaaravaadi Bharatadalli Dalitaru (Record no. 233707)
[ view plain ]
| 000 -LEADER | |
|---|---|
| fixed length control field | 02263nam a22002897a 4500 |
| 005 - DATE AND TIME OF LATEST TRANSACTION | |
| control field | 20250407104212.0 |
| 008 - FIXED-LENGTH DATA ELEMENTS--GENERAL INFORMATION | |
| fixed length control field | 250127b ||||| |||| 00| 0 eng d |
| 040 ## - CATALOGING SOURCE | |
| Transcribing agency | AL |
| 041 ## - LANGUAGE CODE | |
| Language code of text/sound track or separate title | kan |
| 082 ## - DEWEY DECIMAL CLASSIFICATION NUMBER | |
| Edition number | 23 |
| Classification number | 305.56K |
| Item number | STIN |
| 100 ## - MAIN ENTRY--PERSONAL NAME | |
| Personal name | Clarinda Still |
| 100 ## - MAIN ENTRY--PERSONAL NAME | |
| 9 (RLIN) | 207688 |
| 100 ## - MAIN ENTRY--PERSONAL NAME | |
| Numeration | ಕ್ಲಾರಿಂಡಾ ಸ್ಟಿಲ್ Ed |
| 9 (RLIN) | 207689 |
| 245 ## - TITLE STATEMENT | |
| Title | Nava Udaaravaadi Bharatadalli Dalitaru |
| Remainder of title | ನವ ಉದಾರವಾದಿ ಭಾರತದಲ್ಲಿ ದಲಿತರು |
| 260 ## - PUBLICATION, DISTRIBUTION, ETC. | |
| Place of publication, distribution, etc. | Gadaga |
| Name of publisher, distributor, etc. | Ladai Prakashana |
| Date of publication, distribution, etc. | 2024 |
| 300 ## - PHYSICAL DESCRIPTION | |
| Extent | vi,334p. |
| Other physical details | PB |
| Dimensions | 22x14cm. |
| 365 ## - TRADE PRICE | |
| Source of price type code | Sociology |
| Price type code | BLCR-000066 |
| Price amount | 272.00 |
| Currency code | ₹ |
| Unit of pricing | 340.00 |
| Price note | 20% |
| Price effective from | 13-01-2025 |
| 440 ## - SERIES STATEMENT/ADDED ENTRY--TITLE | |
| Title | Ladai: ಲಡಾಯಿ;289 |
| 9 (RLIN) | 195703 |
| 520 ## - SUMMARY, ETC. | |
| Summary, etc. | ಇದು , ಭಾರತವು ಅಂಬೇಡ್ಕರ್ ಮತ್ತು ಸಂವಿಧಾನದ ಆಶಯಗಳಿಗೆ ವಿರುದ್ಧವಾಗಿ ಕಾರ್ಪೊರೇಟ್ ಬಂಡವಾಳಶಾಹಿ ಮಾರುಕಟ್ಟೆ ವ್ಯವಸ್ಥೆಗೆ ಅನುವು ಮಾಡಿಕೊಟ್ಟ ನವ ಉದಾರವಾದಿ ನೀತಿಗಳನ್ನು ಅಳವಡಿಸಿಕೊಂಡ ಮೇಲೆ ದಲಿತರ ಬದುಕು ಹೇಗಾಗಿದೆ? ಎಂಬ ಚಿತ್ರಣವನ್ನು ಕಣ್ಣಕೊಡುವ ಪುಸ್ತಕ.<br/>ಸಮಕಾಲೀನ ದಲಿತ ಬದುಕಿನ ಸಂಕೀರ್ಣತೆ ಮತ್ತು ಸಮಕಾಲೀನ ಸಂದರ್ಭಗಳಲ್ಲಿ ಜಾತಿವಿನಾಶದ ಸ್ವರೂಪಗಳ ಅನ್ವೇಶಣಿಯಲ್ಲಿ ತೊಡಗಿಕೊಂಡಿರುವ ಗಂಭೀರ ಕಾರ್ಯಕರ್ತರು ಹಾಗೂ ಸಂಶೋಧಕರು ಗಮನಿಸಲೇಬೇಕಾದ ಪುಸ್ತಕ ಇದು.<br/>- ಶಿವಸುಂದರ್, ಸಾಮಾಜಿಕ ಹೋರಾಟಗಾರರು, ಚಿಂತಕರು |
| 650 ## - SUBJECT ADDED ENTRY--TOPICAL TERM | |
| Topical term or geographic name entry element | Collection of Papers |
| 9 (RLIN) | 195696 |
| 650 ## - SUBJECT ADDED ENTRY--TOPICAL TERM | |
| Topical term or geographic name entry element | Southern Asia Politics |
| 9 (RLIN) | 195697 |
| 650 ## - SUBJECT ADDED ENTRY--TOPICAL TERM | |
| Topical term or geographic name entry element | Tr English Kannada |
| 9 (RLIN) | 195698 |
| 650 ## - SUBJECT ADDED ENTRY--TOPICAL TERM | |
| Topical term or geographic name entry element | PURAPPEMANE (Kruti R): ಪುರಪ್ಪೆಮನೆ ಕೃತಿ ಆರ್ Tr |
| 9 (RLIN) | 195704 |
| 650 ## - SUBJECT ADDED ENTRY--TOPICAL TERM | |
| Topical term or geographic name entry element | Scheduled Caste |
| 9 (RLIN) | 195706 |
| 700 ## - ADDED ENTRY--PERSONAL NAME | |
| Personal name | STILL (Clarinda) |
| 9 (RLIN) | 195699 |
| 700 ## - ADDED ENTRY--PERSONAL NAME | |
| Personal name | REKHAMBA (T L) ರೇಖಾಂಬ (ಟಿ ಎಲ್) Tr |
| 9 (RLIN) | 195700 |
| 942 ## - ADDED ENTRY ELEMENTS (KOHA) | |
| Source of classification or shelving scheme | Dewey Decimal Classification |
| Koha item type | Book |
| Withdrawn status | Lost status | Source of classification or shelving scheme | Damaged status | Not for loan | Collection code | Home library | Current library | Date acquired | Source of acquisition | Cost, normal purchase price | Total Checkouts | Full call number | Barcode | Date last seen | Cost, replacement price | Price effective from | Koha item type |
|---|---|---|---|---|---|---|---|---|---|---|---|---|---|---|---|---|---|
| Dewey Decimal Classification | Sociology | St Aloysius Library | St Aloysius Library | 01/17/2025 | Navakarnataka Publications Pvt. Ltd. Mangaluru-575001 | 272.00 | 305.56K STIN | 077534 | 01/27/2025 | 340.00 | 01/27/2025 | Book |